Ε.Π. Παπανούτσος ο παιδαγωγός και ο φιλόσοφος : πρακτικά του συμπορίου : (Ιωάννινα 30.10-1.11.1985)

Αποθηκεύτηκε σε:
Λεπτομέρειες βιβλιογραφικής εγγραφής
Συγγραφή απο Οργανισμό/Αρχή: Φιλοσοφική Σχολή Πανεπιστημίου Ιωαννίνων
Μορφή: Βιβλίο
Γλώσσα:Greek
Δημοσίευση: Ιωάννινα : Πανεπιστήμιο Ιωαννίνων, 1987
Θέματα:
Ετικέτες: Προσθήκη ετικέτας
Δεν υπάρχουν, Καταχωρήστε ετικέτα πρώτοι!

MARC

LEADER 00000cam a2200000 i 4500
001 1/88477
008 051101s1988 gre d
035 |l 10081088 
040 |a GR-MY-UA  |b gre  |e aacr 
041 0 |a gre 
082 0 |a 199.495  |2 (22) 
245 1 0 |a Ε.Π. Παπανούτσος ο παιδαγωγός και ο φιλόσοφος :  |b πρακτικά του συμπορίου : (Ιωάννινα 30.10-1.11.1985) 
246 3 3 |a Πρακτικά του συμποσίου Ε.Π. Παπανούτσος ο παιδαγωγός και ο φιλόσοφος 
260 |a Ιωάννινα :   |b Πανεπιστήμιο Ιωαννίνων,   |c 1987 
300 |a 277 σ.;  |c 24 εκ. 
500 |a Υπό την αιγίδα του Υπουργείου Πολιτισμού & Επιστημών 
500 |a Παράρτημα αρ. 36 
504 |a Περιλαμβάνει βιβλιογραφικές αναφορές 
600 1 0 |a Παπανούτσος, Ευάγγελος Π.,   |d 1900-1982. 
610 2 0 |a Φιλοσοφική Σχολή Πανεπιστημίου Ιωαννίνων. 
650 0 0 |a Philosophy, Greek (Modern) 
710 2 |a Φιλοσοφική Σχολή Πανεπιστημίου Ιωαννίνων. 
774 1 |t Δωδώνη ; μέρος τρίτο  |t  ; επιστημονική επετηρίδα του Τμήματος Φιλοσοφίας, Παιδαγωγικής και Ψυχολογίας της Φιλοσοφικής Σχολής του Πανεπιστημίου Ιωαννίνων 
852 |a INST  |b CHIOS  |e 20051101  |h 199.495 ΕΠΠ  |p 005200024333  |q 005200024333  |t BK  |y 0 
901 |a BIBL2-2005-3 
909 |a Χ  |b 045883 
970 |a ΣΑΛΑΜΟΥΡΑ  |b ΜΑΡΙΑ  |z 2005/11/01